Concetti giuridici e categorie assiomatiche: l'uso di rescindere nell'esperienza di Roma antica.

Na minha lista:
Detalhes bibliográficos
Autor principal: Sciuto, Patrizia (autora)
Formato: Livro
Idioma:inglês
Publicado em: Torino, Italia: G.Giappichelli Editore, 2013.
Colecção:Pubblicazioni della Facoltà di giurisprudenza, Università di Catania. Nuova serie,
Assuntos:
Tags: Adicionar Tag
Sem tags, seja o primeiro a adicionar uma tag!

MARC

LEADER 00000nam a22000007a 4500
003 CL-VaPUC
005 20220822114640.0
008 220718t2013 ||||| |||| 00| 0 eng d
999 |c 437195  |d 437193 
020 |a 978-88-34-8279-32 
040 |c Pontificia Universidad Católica de Valparaíso 
082 7 |a 340.54 SCI 2013  |2 22 
100 1 |a Sciuto, Patrizia   |e autora  |9 873225 
245 |a Concetti giuridici e categorie assiomatiche:   |b l'uso di rescindere nell'esperienza di Roma antica. 
260 |a Torino, Italia:  |b G.Giappichelli Editore,   |c 2013. 
300 |a 303 páginas.  
490 |a Pubblicazioni della Facoltà di giurisprudenza, Università di Catania. Nuova serie,  |n  273. 
500 |a c.1 Donación Familia Prof. Alejandro Guzmán Brito. 
583 |c 20220718  |k Cristina María Rojas Aguilar 
650 |a Contrato   |x Terminación   |x Derecho romano  |9 873226 
942 |2 ddc  |c BK  |n 0 
952 |0 0  |1 0  |2 ddc  |4 0  |6 340_540000000000000_SCI_2013  |7 1  |8 C_AGB  |9 584950  |a BIBDER  |b BIBDER  |d 2022-07-18  |e Donación   |i 5653050  |o 340.54 SCI 2013  |p 5653050  |r 2023-01-25  |t 1  |w 2022-07-18  |y BK_US  |k AGB